000 00285nam a22001337a 4500
008 181205b xxu||||| |||| 00| 0 eng d
020 _a9781439044315
041 _aeng
080 _24th
_a510
100 _a36
101 _aMAT
245 _aPrealgebra
_cTussy,A.S
942 _2udc
_cBK
999 _c52893
_d52893